4-Letter Capital Match Quiz Stats

 Plays Quiz Updated Dec 18, 2018

Support Sporcle.
Go Orange.
Score 0/14 Timer 03:00
1 Play Today
% Correct
Italy
93.4%
Norway
90.2%
Peru
87.8%
Switzerland
84.8%
Ukraine
83.7%
Latvia
81.6%
Fiji
72.9%
% Correct
Maldives
72.5%
Azerbaijan
71.5%
Togo
70.1%
Qatar
68.4%
Samoa
67.4%
South Sudan
65.6%
Timor-Leste
65%

You're not logged in!

Compare scores with friends on all Sporcle quizzes.
OR
Log In
Forgot?

From the Vault

Sliced Movies IV

by babymonkee

Movies 6m
This is a fun movie quiz no matter how you slice it.
Remove Ads.
Support Sporcle.
Get the best of Sporcle when you Go Orange. This ad-free experience offers more features, more stats, and more fun while also helping to support Sporcle. Thank you for becoming a member.

Show Comments

Extras

Top Quizzes Today


Score Distribution

Your Account Isn't Verified!

In order to create a playlist on Sporcle, you need to verify the email address you used during registration. Go to your Sporcle Settings to finish the process.

Report this User

Report this user for behavior that violates our Community Guidelines.

Details: